[Event "Verona op-B"]
[Site "Verona"]
[Date "2017.01.05"]
[Round "6.1"]
[White "Favini, Matteo"]
[Black "Schiatti, Piero"]
[Result "1/2-1/2"]
[WhiteElo "1666"]
[BlackElo "1855"]
[PlyCount "32"]
[EventDate "2017.01.02"]
[EventType "swiss"]
[EventRounds "7"]
[EventCountry "ITA"]
[SourceTitle "EXT 2018"]
[Source "ChessBase"]
[SourceDate "2017.10.13"]
[SourceVersion "1"]
[SourceVersionDate "2017.10.13"]
[SourceQuality "1"]

1. d4 Nf6 2. c4 c5 3. dxc5 e6 4. b4 a5 5. b5 Bxc5 6. a4 0-0 7. Ba3 Bxa3 8. Rxa3 d5 9. e3 dxc4 10. Qxd8 Rxd8 11. Bxc4 b6 12. Nf3 Ra7 13. 0-0 Rad7 14. Ne5 Rd1 15. Rd3 R1xd3 16. Bxd3 Bb7 1/2-1/2

[Event "Mantova Province-ch"]
[Site "Mantova"]
[Date "2013.03.01"]
[Round "3"]
[White "Oppici, Gabriele"]
[Black "Schiatti, Piero"]
[Result "1-0"]
[WhiteElo "1971"]
[BlackElo "1989"]
[PlyCount "77"]
[EventDate "2013.02.15"]
[EventType "swiss"]
[EventRounds "6"]
[EventCountry "ITA"]
[SourceTitle "EXT 2014"]
[Source "ChessBase"]
[SourceDate "2013.11.20"]
[SourceVersion "1"]
[SourceVersionDate "2013.11.20"]
[SourceQuality "1"]

1. d4 e6 2. Nf3 f5 3. Bf4 Nf6 4. e3 b6 5. c4 Bb7 6. Nc3 Bb4 7. Be2 Ne4 8. Qb3 a5 9. 0-0 Bxc3 10. bxc3 d6 11. c5 Bd5 12. c4 Bc6 13. cxb6 cxb6 14. h4 Nd7 15. Rab1 0-0 16. Rfd1 Qe7 17. Rbc1 Rab8 18. Qa3 Ba8 19. Ng5 e5 20. dxe5 Nxe5 21. Nxe4 Bxe4 22. Qxd6 Qxd6 23. Rxd6 Rfe8 24. f3 Ba8 25. Rb1 Ng6 26. Rxg6 hxg6 27. Bxb8 Rxb8 28. c5 b5 29. Rxb5 Rxb5 30. Bxb5 Kf8 31. Kf2 Ke7 32. Kg3 Bd5 33. a3 Bb7 34. Kf4 Kf6 35. e4 fxe4 36. fxe4 Ke6 37. Bc4+ Kf6 38. g4 Bc8 39. Bd5 1-0

[Event "Crema op 13th"]
[Site "Crema"]
[Date "2011.09.03"]
[Round "4"]
[White "Agostinelli, Andrea"]
[Black "Schiatti, Piero"]
[Result "0-1"]
[WhiteElo "1688"]
[BlackElo "1963"]
[PlyCount "107"]
[EventDate "2011.09.02"]
[EventType "swiss"]
[EventRounds "6"]
[EventCountry "ITA"]
[SourceTitle "EXT 2022"]
[Source "ChessBase"]
[SourceDate "2021.10.06"]
[SourceVersion "1"]
[SourceVersionDate "2021.10.06"]
[SourceQuality "1"]

1. e4 d5 2. exd5 Qxd5 3. Nc3 Qa5 4. Bc4 Nf6 5. d3 Nc6 6. Bd2 Qf5 7. Qf3 Qxf3 8. Nxf3 Bd7 9. Nb5 Rc8 10. Bf4 Nh5 11. Bg5 h6 12. Bd2 e6 13. g4 Nf6 14. g5 hxg5 15. Nxg5 a6 16. Nc3 Na5 17. Bb3 Nxb3 18. axb3 Bc6 19. Nge4 Ng4 20. f3 Ne5 21. Kf2 Be7 22. Bf4 Ng6 23. Be3 f5 24. Rag1 Bh4+ 25. Ke2 Ne5 26. Nd2 Kf7 27. Bf4 Ng6 28. Be3 Bf6 29. Nd1 Rh5 30. Rg2 Rch8 31. c3 Be5 32. Nf2 Bxh2 33. Nf1 Bf4 34. Rhg1 Bxe3 35. Kxe3 R5h6 36. d4 R8h7 37. c4 Nh4 38. Rg3 g5 39. f4 gxf4+ 40. Kxf4 Ng6+ 41. Rxg6 Rxg6 42. Rxg6 Kxg6 43. Ke5 Kf7 44. Kf4 Rh4+ 45. Ke3 a5 46. Nd2 Kf6 47. Nf1 f4+ 48. Kd3 Kf5 49. Nd2 Rh2 50. Ke2 b6 51. Nf1 Rg2 52. Nd2 Rg3 53. Nd1 f3+ 54. Kd3 0-1

[Event "Crema op 13th"]
[Site "Crema"]
[Date "2011.09.03"]
[Round "3"]
[White "Schiatti, Piero"]
[Black "Gemelli, Giovanni"]
[Result "0-1"]
[WhiteElo "1963"]
[BlackElo "1741"]
[PlyCount "110"]
[EventDate "2011.09.02"]
[EventType "swiss"]
[EventRounds "6"]
[EventCountry "ITA"]
[SourceTitle "EXT 2022"]
[Source "ChessBase"]
[SourceDate "2021.10.06"]
[SourceVersion "1"]
[SourceVersionDate "2021.10.06"]
[SourceQuality "1"]

1. c4 Nf6 2. Nc3 g6 3. d4 Bg7 4. e4 d6 5. f3 0-0 6. Be3 e5 7. d5 a5 8. Qd2 Na6 9. Bd3 Nd7 10. Nge2 Nac5 11. Bc2 f5 12. exf5 gxf5 13. 0-0-0 Qh4 14. b3 a4 15. Bg5 Qh5 16. Ng3 Qg6 17. b4 Na6 18. Nxf5 Rxf5 19. g4 Qxg5 20. Bxf5 Qxd2+ 21. Kxd2 Bh6+ 22. Ke2 Nb6 23. Bxc8 Rxc8 24. c5 dxc5 25. bxc5 Nxc5 26. g5 Bg7 27. Ne4 Ncd7 28. Rc1 Bf8 29. Rhd1 Kg7 30. h4 Kg6 31. Rc2 Kf7 32. Rdc1 Nxd5 33. Rd1 N7b6 34. h5 Be7 35. g6+ hxg6 36. hxg6+ Kxg6 37. Nc5 Bxc5 38. Rxc5 c6 39. Rg1+ Kf6 40. Rh1 Rc7 41. Rh6+ Ke7 42. Rc1 Rd7 43. Rh8 Ke6 44. Rh6+ Nf6 45. Rb1 Nbd5 46. Rc1 Rd8 47. Rc4 a3 48. Kf2 Nf4 49. Rc2 Rd6 50. Rh8 b5 51. Rc8 Kd7 52. Ra8 b4 53. Ra7+ Ke6 54. Rc7 Nd3+ 55. Ke3 Nd5+ 0-1

[Event "Correggio op 1st"]
[Site "Correggio"]
[Date "2007.12.08"]
[Round "4"]
[White "Prati, Alessandro"]
[Black "Schiatti, Piero"]
[Result "1/2-1/2"]
[WhiteElo "1877"]
[BlackElo "2042"]
[PlyCount "53"]
[EventDate "2007.12.07"]
[EventType "swiss"]
[EventRounds "6"]
[EventCountry "ITA"]
[SourceTitle "EXT 2010"]
[Source "ChessBase"]
[SourceDate "2010.11.25"]
[SourceVersion "1"]
[SourceVersionDate "2010.11.25"]
[SourceQuality "1"]

1. d4 e6 2. Nf3 f5 3. g3 Nf6 4. Bg2 Be7 5. c4 0-0 6. 0-0 Ne4 7. Qc2 d5 8. Nc3 c6 9. Bf4 Nd7 10. Ne5 Bf6 11. f3 Nxc3 12. Qxc3 Bxe5 13. Bxe5 Nxe5 14. dxe5 Bd7 15. f4 Qb6+ 16. c5 Qc7 17. Rfd1 b6 18. Rac1 bxc5 19. Qxc5 Qb6 20. Rd2 Rfd8 21. e3 Qxc5 22. Rxc5 Kf8 23. Kf2 Ke7 24. Bf3 Rdb8 25. Be2 Rb6 26. Rdc2 a5 27. Ke1 1/2-1/2

[Event "Pedavena op 1st"]
[Site "Pedavena"]
[Date "2005.08.05"]
[Round "4"]
[White "Dussin, Davide"]
[Black "Schiatti, Piero"]
[Result "0-1"]
[WhiteElo "1706"]
[BlackElo "1970"]
[PlyCount "72"]
[EventDate "2005.08.03"]
[EventType "swiss"]
[EventRounds "6"]
[EventCountry "ITA"]
[SourceTitle "EXT 2007"]
[Source "ChessBase"]
[SourceDate "2006.11.23"]
[SourceVersion "1"]
[SourceVersionDate "2006.11.23"]
[SourceQuality "1"]

1. d4 d5 2. c4 c6 3. Nc3 Nf6 4. Nf3 a6 5. Bg5 Ne4 6. Nxe4 dxe4 7. Nh4 f6 8. Be3 g5 9. Qc2 gxh4 10. Qxe4 Qa5+ 11. Bd2 Qh5 12. 0-0-0 Bf5 13. Qf4 Nd7 14. e4 Bg6 15. Qe3 Bf7 16. Be2 Qg6 17. Bd3 e5 18. dxe5 Nxe5 19. b3 0-0-0 20. Ba5 Bh6 21. f4 Nxd3+ 22. Rxd3 Rxd3 23. Qxd3 Bxf4+ 24. Kb1 Re8 25. Rd1 Kb8 26. Bb6 Be6 27. Bg1 Bg4 28. Re1 Bf5 29. Kb2 Bxe4 30. Qd7 Be5+ 31. Ka3 Bf5 32. Qd2 Qg8 33. Qf2 Bd6+ 34. c5 Rxe1 35. cxd6 Rxg1 36. Qxg1 Qd5 0-1

[Event "Rivarolo Mantovano op"]
[Site "Rivarolo Mantovano"]
[Date "2003.10.19"]
[Round "5"]
[White "Schiatti, Piero"]
[Black "Bozuffi, Italo"]
[Result "1-0"]
[WhiteElo "1804"]
[BlackElo "1570"]
[PlyCount "45"]
[EventDate "2003.10.11"]
[EventType "swiss"]
[EventRounds "6"]
[EventCountry "ITA"]
[SourceTitle "EXT 2007"]
[Source "ChessBase"]
[SourceDate "2006.11.23"]
[SourceVersion "1"]
[SourceVersionDate "2006.11.23"]
[SourceQuality "1"]

1. c4 b6 2. Nc3 d6 3. d4 e6 4. e4 Bb7 5. f4 g6 6. Nf3 Ne7 7. Bd3 Bg7 8. 0-0 Nd7 9. Be3 0-0 10. Qd2 f5 11. Ng5 Qc8 12. Nxe6 Rf7 13. Nxg7 Kxg7 14. e5 dxe5 15. fxe5 Nb8 16. d5 Ng8 17. e6 Re7 18. Bd4+ Kf8 19. g4 Rg7 20. Bxg7+ Kxg7 21. gxf5 Qf8 22. fxg6 Qc5+ 23. Kh1 1-0

[Event "Rivarolo Mantovano op"]
[Site "Rivarolo Mantovano"]
[Date "2003.10.18"]
[Round "4"]
[White "Bonugli, Carlo"]
[Black "Schiatti, Piero"]
[Result "1-0"]
[WhiteElo "2047"]
[BlackElo "1804"]
[PlyCount "87"]
[EventDate "2003.10.11"]
[EventType "swiss"]
[EventRounds "6"]
[EventCountry "ITA"]
[SourceTitle "EXT 2007"]
[Source "ChessBase"]
[SourceDate "2006.11.23"]
[SourceVersion "1"]
[SourceVersionDate "2006.11.23"]
[SourceQuality "1"]

1. e4 d5 2. exd5 Qxd5 3. Nc3 Qa5 4. d4 c6 5. Nf3 Nf6 6. Bc4 Bf5 7. 0-0 e6 8. Re1 Be7 9. Bb3 Nbd7 10. Ne2 0-0 11. Ng3 Bg4 12. Bd2 Qb6 13. c3 Rfe8 14. h3 Bxf3 15. Qxf3 c5 16. Be3 cxd4 17. Bxd4 Bc5 18. Bxf6 Nxf6 19. Ba4 Red8 20. b4 Bf8 21. Rad1 h6 22. Bb3 Rac8 23. Rxd8 Rxd8 24. Rd1 Rc8 25. Ne2 Qc7 26. a4 Be7 27. Qe3 a6 28. Rd3 Nd7 29. Bxe6 Rd8 30. Nf4 Nf8 31. Nd5 Bg5 32. Qf3 Rxd5 33. Bxd5 Bf6 34. Bxb7 Qe5 35. Qe3 Qc7 36. Bxa6 Ne6 37. Qf3 Qe5 38. Qa8+ Kh7 39. Re3 Qg5 40. Bd3+ g6 41. Qe8 Kg7 42. Bc4 Qf5 43. Bxe6 fxe6 44. Qxe6 1-0

[Event "Bergamo op 2nd"]
[Site "Bergamo"]
[Date "2003.07.25"]
[Round "2"]
[White "Pilgaard, Kim"]
[Black "Schiatti, Piero"]
[Result "1-0"]
[WhiteElo "2446"]
[BlackElo "1879"]
[PlyCount "53"]
[EventDate "2003.07.25"]
[EventType "swiss"]
[EventRounds "6"]
[EventCountry "ITA"]
[SourceTitle "EXT 2007"]
[Source "ChessBase"]
[SourceDate "2006.11.23"]
[SourceVersion "1"]
[SourceVersionDate "2006.11.23"]
[SourceQuality "1"]

1. e4 d5 2. exd5 Qxd5 3. Nc3 Qa5 4. d4 c6 5. Bc4 Bf5 6. Qe2 Nf6 7. Nf3 e6 8. Bd2 Bb4 9. a3 Nbd7 10. 0-0-0 Bxc3 11. Bxc3 Qc7 12. Kb1 0-0 13. Ne5 Nxe5 14. dxe5 Nd5 15. Bxd5 cxd5 16. g4 Bg6 17. h4 h6 18. h5 Bh7 19. Rhg1 Rac8 20. g5 hxg5 21. Rxg5 Qc4 22. Qf3 Bf5 23. Qg3 g6 24. hxg6 Rc7 25. g7 Rfc8 26. Qh2 Bh7 27. Qxh7+ 1-0